حساسية الغذاء : (رقم التسجيلة. 247384)
[ عرض عادي ]
| 000 -الفاتح | |
|---|---|
| عناصر البيانات ثابتة الطول | 01120nam a22002897i 4500 |
| 005 - تاريخ ووقت آخر معاملة | |
| حقل ضبط | 20251201084819.0 |
| 008 - عناصر البيانات ثابتة الطول | |
| عناصر البيانات ثابتة الطول | 250906s2023 jo ||||gr|||| 00| 0 ara d |
| 020 ## - الترقيم الدولي المعياري للكتب (ردمك) | |
| الترقيم الدولي المعياري للكتب (ردمك) | 9789923769317 |
| 040 ## - مصدر الفهرسة | |
| هيئة الفهرسة الأصلية | JO-AmGAM |
| قواعد الوصف | rda |
| 082 14 - رقم تصنيف ديوي العشري | |
| رقم التصنيف | 616.97 |
| رقم المادة | س ا ح |
| 100 ## - مدخل رئيسي – اسم شخصي | |
| الاسم الشخصي | الساحوري، نور |
| علاقة الشخص بالعمل/ دوره | مؤلف. |
| 245 10 - بيان العنوان | |
| العنوان | حساسية الغذاء : |
| بقية العنوان | تشخيصها، اعراضها، مضاعفاتها، وطرق التعايش معها / |
| بيان المسؤولية | د. نور الساحوري [و 4 آخرون]. |
| 250 ## - بيان الطبعة | |
| بيان الطبعة | الطبعة الأولى. |
| 264 ## - بيانات النشر، التوزيع…إلخ | |
| مكان النشر، التوزيع...إلخ | عمان : |
| اسم الناشر، الموزع...إلخ | دار ورد الأردنية للنشر والتوزيع، |
| تاريخ النشر، التوزيع...إلخ | 2023. |
| 300 ## - الوصف المادي | |
| عدد الوحدات المكونة للوعاء | 133 صفحة. |
| 336 ## - نوع المحتوى | |
| المصدر | rdacontent |
| مصطلح نوع المحتوى | نص |
| كود نوع المحتوى | txt |
| 337 ## - نوع الوسيط | |
| المصدر | rdamedia |
| مصطلح نوع الوسيط | دون وسيط عرض |
| كود نوع الوسيط | n |
| 338 ## - نوع الحامل | |
| المصدر | rdacarrier |
| مصطلح نوع الحامل | مجلد |
| كود نوع الحامل | nc |
| 650 17 - مدخل إضافي بالموضوع - مصطلح موضوعي | |
| مصطلح موضوعي أو اسم جغرافي كعنصر مدخل | الحساسية (مرض). |
| 650 17 - مدخل إضافي بالموضوع - مصطلح موضوعي | |
| مصطلح موضوعي أو اسم جغرافي كعنصر مدخل | امراض المناعة. |
| 700 1# - مدخل إضافي - اسم شخصي | |
| الاسم الشخصي | غزاوي، هديل علي |
| علاقة الشخص بالعمل/ دوره | مؤلف. |
| 700 1# - مدخل إضافي - اسم شخصي | |
| الاسم الشخصي | صبح، هديل |
| علاقة الشخص بالعمل/ دوره | مؤلف. |
| 700 1# - مدخل إضافي - اسم شخصي | |
| الاسم الشخصي | خضير، فريد |
| علاقة الشخص بالعمل/ دوره | مؤلف. |
| 700 1# - مدخل إضافي - اسم شخصي | |
| الاسم الشخصي | أبو دولة، غيداء |
| علاقة الشخص بالعمل/ دوره | مؤلف. |
| 942 ## - بيانات إضافية (كوها) | |
| نوع التنصيف | Dewey Decimal Classification |
| نوع المادة (كوها) | كتب |
| حالة السحب | حالة الفقدان | مصدر التصنيف | حالة التلف | غير قابل للإعارة | المكتبة الرئيسية | المكتبة الحالية | موقع الرف | تاريخ التزويد | مصدر التزويد | العملة | التكلفة، سعر الشراء العادي | الرقم المتسلسل | Total Checkouts | رقم الإستدعاء | الباركود | تاريخ آخر ظهور | التكلفة وسعر الاستبدال | تاريخ الفاتورة | نوع المادة (كوها) |
|---|---|---|---|---|---|---|---|---|---|---|---|---|---|---|---|---|---|---|---|
| Dewey Decimal Classification | المكتبة المركزية | المكتبة المركزية | الإعارة | 27/11/2025 | 47 | JOD | 5.00 | 1798857 | 616.97 / س ا ح | PLD00928523 | 27/11/2025 | 5.00 | 27/11/2025 | كتب | |||||
| Dewey Decimal Classification | مكتبة أم قصير والمقابلين العامة | مكتبة أم قصير والمقابلين العامة | الإعارة | 27/11/2025 | 47 | JOD | 5.00 | 1798861 | 616.97 / س ا ح | PLD00928527 | 27/11/2025 | 5.00 | 27/11/2025 | كتب | |||||
| Dewey Decimal Classification | مكتبة الأميرة ايمان العامة | مكتبة الأميرة ايمان العامة | الإعارة | 27/11/2025 | 47 | JOD | 5.00 | 1798858 | 616.97 / س ا ح | PLD00928524 | 27/11/2025 | 5.00 | 27/11/2025 | كتب | |||||
| Dewey Decimal Classification | مكتبة صويلح العامة | مكتبة صويلح العامة | الإعارة | 27/11/2025 | 47 | JOD | 5.00 | 1798860 | 616.97 / س ا ح | PLD00928526 | 27/11/2025 | 5.00 | 27/11/2025 | كتب | |||||
| Dewey Decimal Classification | مكتبة وادي السير العامة | مكتبة وادي السير العامة | الإعارة | 27/11/2025 | 47 | JOD | 5.00 | 1798859 | 616.97 / س ا ح | PLD00928525 | 27/11/2025 | 5.00 | 27/11/2025 | كتب |